| 000 | 01207nam a2200289 4500 | ||
|---|---|---|---|
| 001 | 0000017823 | ||
| 003 | CO-CtgCURN | ||
| 005 | 20250329191006.0 | ||
| 007 | ta | ||
| 008 | 160627s2000 000 0 eng d | ||
| 020 | _a9701029925 | ||
| 040 |
_aCO-CtgCURN _bspa _ccoctgcurn |
||
| 082 | 0 |
_a658 _bB15t |
|
| 100 | 1 | _aBallina Rios, Francisco. | |
| 245 | 1 | 0 |
_aTeoria de la Administración un enfoque alternativo / _cFrancisco Ballina Rios. |
| 260 |
_aMexico : _bMcGraw-Hill, _c2000. |
||
| 300 | _a170 p. | ||
| 336 | _2rdacontent | ||
| 337 |
_2rdamedia _asin mediacion _bn |
||
| 338 |
_2rdacarrier _avolumen _bnc |
||
| 500 | _aIncluye indice. | ||
| 505 | 8 | _aProblematica epistemologica y sociologica de la administracion.--Propuesta metodologica y epistemologica para el estudio y comprension de la administracion.--Marco teorico para el estudio del conflicto en las organizaciones.--Mitos y estereotipos en la teoria del liderazgo.--Cooperativismo o corporativismo.--Una disyuntiva organizacional mexicana para el siglo XXI | |
| 650 | 1 | 4 | _aAdministración de empresas. |
| 908 | _a160627 | ||
| 942 |
_cBK _h658 _iB15t _2ddc |
||
| 999 |
_c10509 _d10509 |
||